000 00493nam a2200205Ia 4500
003 0100
008 130303s9999 xx 000 0 und d
040 _cARRUPELIB
050 _aHD82.T481977
100 _aThirlwall, A.P
245 _aGrowth and development, with special reference to developing economies
250 _a5th
260 _aNew York
260 _bMacmillan
260 _C1977
300 _axvi
300 _b 441 p.ill. 24cm
700 _aA.P. Thirlwall
942 0 0 _02
999 _c14513
_d14513